000 00596nam a22001937a 4500
005 20251108172706.0
008 250721s1998 xx 000 0 ara d
082 1 4 _a004.64/يون
100 1 _aيونغ، كمبرلي
_eمؤلف
245 1 0 _aالإدمان على الإنترنت /
264 1 _aعمان :
_bبيت الأفكار الدولية،
_c1998.
300 _a375ص
650 1 7 _aشبكات المعلومات
650 1 7 _aشبكة الإتصالات
650 1 7 _aالإتصال
700 1 _aثلجي، هاني أحمد
_eمترجم
942 _2ddc
_cBK
999 _c86064
_d86064